Language Quiz

Random Language or German Quiz

German Vocabs Quiz Stats

 Plays Quiz not verified by Sporcle

Score 0/35 Timer 15:00
0 Plays Today
German Word English Translation % Correct
die Eltern (Pl)parents
100%
das Elternteil (NICHT: das Elter)one parent
43.8%
die Kinderbetreuung (meist kein Pl)childcare
12.5%
der Mutterschaftsurlaubmaternity leave
12.5%
sich kümmern um (+ AKK)to take care of
6.3%
die Scheidung, endivorce
6.3%
das Einkommenincome
6.3%
die Rabenmutterbad mother
6.3%
die Krippechildcare for kids 0-3
0%
der Krippenplatz, -plätzespace in a daycare
0%
der Kindergartenchildcare for kids 3-6
0%
die Kindertagesstättenursery
0%
erziehento raise
0%
die Erziehungeducation
0%
jdm/etw. Zeit widmento devote time to
0%
die Elternzeitparental leave
0%
das Elterngeldstipend from state during the parental leave
0%
die finanzielle Unterstützungfinancial support
0%
German Word English Translation % Correct
der Ehegatte, nspouse (male)
0%
die Ehegattin, nenspouse (female)
0%
der Alleinerziehende, nsingle parent (male)
0%
die Alleinerziehende, nsingle parent (female)
0%
die Sozialhilfewelfare
0%
das Kindergeld (kein Pl.)monthly stipend paid per child
0%
der Mutterschutz (kein Pl)maternity protection
0%
im Mutterschutz seinto be on maternity leave
0%
die Wahlfreiheit habento have a choice
0%
die kinderfreundliche Politikchild-friendly policy
0%
Familien mit Kindern unterstützento support families with children
0%
die Berufstätigkeitoccupation
0%
der Arbeitnehmeremployee (male)
0%
die Arbeitnehmerin, nenemployee (female)
0%
der Rechtsanspruch, ansprüchelegal right
0%
Anspruch haben auf (+AKK)to have a right to something
0%
der Anspruch, Ansprücheclaim
0%

You're not logged in!

Compare scores with friends on all Sporcle quizzes.
OR
Log In

Sporcle TV

Today on Sporcle TV


Watch our educational content, quiz creation guides, and fun videos on Sporcle TV.

Show Comments

Extras

Created Oct 19, 2010ReportNominate
Tags:German Quiz, English, vocal

Top Quizzes Today


Score Distribution

Your Account Isn't Verified!

In order to create a playlist on Sporcle, you need to verify the email address you used during registration. Go to your Sporcle Settings to finish the process.

Report this User

Report this user for behavior that violates our Community Guidelines.

Details: